Pokémon - Les attaques de Démolosse - Statistiques

Statistiques générales
  • Ce quiz a été pris 23 fois
  • Le résultat moyen est 11 sur 17
Statistiques - réponses
Niveaux Types Noms des attaques % Correct
Départ Feu Flammèche
93%
Niveau 50 Feu Lance-Flammes
87%
Niveau 56 Ténèbres Mâchouille
80%
Niveau 16 Ténèbres Morsure
80%
Départ Normal Groz'Yeux
73%
Départ Niveau 60 Ténèbres Machination
73%
Départ Niveau 8 Poison Purédpois
73%
Niveau 30 Feu Crocs Feu
67%
Niveau 13 Normal Hurlement
60%
Niveau 26 Ténèbres Baston
53%
Départ Électrique Crocs Éclair
53%
Niveau 35 Ténèbres Feinte
53%
Départ Niveau 4 Normal Grondement
53%
Niveau 45 Ténèbres Tricherie
53%
Départ Niveau 65 Feu Feu d'Enfer
47%
Niveau 20 Normal Flair
40%
Niveau 41 Ténèbres Embargo
33%
Aucun quiz correspondant
Distribution des résultats
% des personnes avec chaque résultat
Percentile par nombre de réponses
Votre historique - résultats
Vous n’avez pas pris ce quiz